चिन्तक और चिन्तन / (Record no. 14909)

MARC details
000 -LEADER
fixed length control field 01578nam a22002897a 4500
005 - DATE AND TIME OF LATEST TRANSACTION
control field 20080819113830.0
008 - FIXED-LENGTH DATA ELEMENTS--GENERAL INFORMATION
fixed length control field 080819t xxu||||| |||| 00| 0 hin d
010 ## - LIBRARY OF CONGRESS CONTROL NUMBER
LC control number HIN-83967
020 ## - INTERNATIONAL STANDARD BOOK NUMBER
Terms of availability 200.00
International Standard Book Number 8188423025
035 ## - SYSTEM CONTROL NUMBER
System control number HN-56313
037 ## - SOURCE OF ACQUISITION
Stock number DBAD / PUB
040 ## - CATALOGING SOURCE
Original cataloging agency DPL
Language of cataloging HN
082 ## - DEWEY DECIMAL CLASSIFICATION NUMBER
Classification number 820.92
100 ## - MAIN ENTRY--PERSONAL NAME
Personal name विष्णुकान्त शास्त्री
245 ## - TITLE STATEMENT
Title चिन्तक और चिन्तन /
Statement of responsibility, etc आचार्य विष्णुकान्त शास्त्री ;मनोज कुमार पाण्डेय द्वारा संपादित
246 ## - VARYING FORM OF TITLE
Title proper/short title Chintak our Chintan
Remainder of title Vishnu kant Shastri
260 ## - PUBLICATION, DISTRIBUTION, ETC. (IMPRINT)
Place of publication, distribution, etc इन्दौर
Name of publisher, distributor, etc रंग प्रकाशन
Date of publication, distribution, etc 2004
270 ## - ADDRESS
Address 33, बक्षी गली, वीर सावरकर मार्केट
City इन्दौर
Postal code 4
Electronic mail address kitab@vsnl.net
300 ## - PHYSICAL DESCRIPTION
Extent 191पृ
Dimensions 22सेमी (सजिल्द)
600 ## - SUBJECT ADDED ENTRY--PERSONAL NAME
Personal name विष्णुकान्त शास्त्री
600 ## - SUBJECT ADDED ENTRY--PERSONAL NAME
Personal name Vishnukant Shashtri
650 ## - SUBJECT ADDED ENTRY--TOPICAL TERM
Topical term or geographic name as entry element हिन्दी साहित्य
General subdivision आलोचना
-- संस्मरण
650 ## - SUBJECT ADDED ENTRY--TOPICAL TERM
Topical term or geographic name as entry element Hindi literature
General subdivision Criticism
-- Memoir
700 ## - ADDED ENTRY--PERSONAL NAME
Personal name पाण्डेय, मनोज कुमार
942 ## - ADDED ENTRY ELEMENTS (KOHA)
Source of classification or shelving scheme Dewey Decimal Classification
Koha item type Hindi Books
Classification part 820.92
Call number suffix शास्त्रीवि
Holdings
Withdrawn status Lost status Damaged status Not for loan Collection code Home library Current library Date acquired Source of acquisition Cost, normal purchase price Total Checkouts Full call number Barcode Date last seen Copy number Cost, replacement price Price effective from Koha item type
      Not For Loan Non-fiction D.B.Act.Division D.B.Act.Division 19/08/2008 DBAD / PUB 200.00   820.92 शास्त्रीवि HN-56313 15/09/2008 1 200.00 15/09/2008 Hindi Books

© Delhi Public Library
Hit Counter
free hit counter